[Event "Let's Play Chess!"]
[Site "http://www.queenalice.com/game.php?id=846838"]
[Date "2010.10.16"]
[Round "-"]
[White "arkadiusz42"]
[Black "sigma_chi"]
[Result "0-1"]
[WhiteElo "1568"]
[BlackElo "1863"]

1. e4 e6 2. Qf3 d5 3. Nc3 d4 4. Nce2 e5 5. Ng3 Nf6 6. d3 Bg4 7. Qf5 Bxf5 8. Nxf5
g6 9. Nh6 Qd7 10. Nf3 Nc6 11. Nf5 gxf5 12. Bd2 fxe4 13. dxe4 Nxe4 14. Be2 O-O-O
15. O-O Rg8 16. Bd3 Nxd2 17. Nxd2 Qh3 18. g3 Rd6 19. Rae1 Rh6 20. Nf3 f5 21. Bc4
e4 22. Bxg8 exf3 23. Re8+ Kd7 0-1

[Event "AUTO-OPEN-2150"]
[Site "http://www.queenalice.com/game.php?id=852992"]
[Date "2010.10.31"]
[Round "1"]
[White "sigma_chi"]
[Black "RobertD"]
[Result "1/2-1/2"]
[WhiteElo "1848"]
[BlackElo "1954"]

1. c4 g6 2. Nc3 Bg7 3. d4 d6 4. e4 e5 5. Nf3 Nd7 6. Be2 exd4 7. Nxd4 Ngf6 8. O-O
O-O 9. Be3 Ne5 10. f3 a6 11. Qd2 c6 12. Rfd1 c5 13. Nc2 Qb6 14. b3 Ne8 15. Nd5
Qd8 16. Rac1 f5 17. exf5 Bxf5 18. b4 b6 19. bxc5 dxc5 20. Bg5 Qb8 21. Rb1 b5 22.
cxb5 Bxc2 23. Qxc2 axb5 24. Rxb5 Qa7 25. Qxc5 Qxc5+ 26. Rxc5 Rxa2 27. Bb5
1/2-1/2

[Event "AUTO-OPEN-2150"]
[Site "http://www.queenalice.com/game.php?id=852993"]
[Date "2010.10.31"]
[Round "1"]
[White "RobertD"]
[Black "sigma_chi"]
[Result "1-0"]
[WhiteElo "1941"]
[BlackElo "1910"]

1. f4 d5 2. Nf3 Nf6 3. d4 Bf5 4. e3 e6 5. Be2 c5 6. O-O Nc6 7. c3 Bd6 8. Ne5 Qb6
9. Nd2 cxd4 10. cxd4 O-O 11. a3 Rfc8 12. b4 Nxd4 13. Bb2 Nxe2+ 14. Qxe2 Rc2 15.
Bd4 Qc7 16. Rfd1 Ne4 17. Nef3 Nxd2 18. Rxd2 Rc4 19. Ne5 Rc1+ 20. Rxc1 Qxc1+ 21.
Kf2 Qxa3 22. b5 Qc1 23. g4 Be4 24. Rd1 Qc8 25. g5 a6 26. b6 Qe8 27. h4 1-0

[Event "vautrien"]
[Site "http://www.queenalice.com/game.php?id=864735"]
[Date "2010.11.28"]
[Round "1"]
[White "sigma_chi"]
[Black "Popeye"]
[Result "0-1"]
[WhiteElo "1877"]
[BlackElo "1647"]

1. e4 e5 2. d4 exd4 3. Qxd4 Nc6 4. Qe3 d6 5. Nc3 Nf6 6. Bd2 Ne5 7. f4 Neg4 8.
Qe2 Be6 9. h3 Nh6 10. g4 Nhg8 11. g5 Nd7 12. f5 Bxf5 13. exf5+ Ne5 14. O-O-O f6
15. Nf3 Ne7 16. gxf6 gxf6 17. Nxe5 fxe5 0-1

[Event "AUTO-OPEN-2227"]
[Site "http://www.queenalice.com/game.php?id=885255"]
[Date "2011.1.12"]
[Round "1"]
[White "sigma_chi"]
[Black "michas"]
[Result "1-0"]
[WhiteElo "1914"]
[BlackElo "1662"]

1. c4 g6 2. g3 Bg7 3. Bg2 Nf6 4. Nc3 O-O 5. e4 c5 6. Nge2 Nc6 7. O-O d6 8. b3
Bd7 9. Bb2 Ne5 10. d4 cxd4 11. Nxd4 Nc6 12. Nd5 Nxd4 13. Bxd4 Nxd5 14. exd5 e6
15. dxe6 Bxe6 16. Bxb7 Rb8 17. Bxg7 Kxg7 18. Bg2 f5 19. Qd4+ Kg8 20. Qxa7 Rf7
21. Qe3 Re7 22. Qd4 Bf7 23. Bd5 Bxd5 24. Qxd5+ Kh8 25. Rfe1 Rbb7 26. c5 Red7 27.
c6 1-0

[Event "AUTO-OPEN-2227"]
[Site "http://www.queenalice.com/game.php?id=885256"]
[Date "2011.1.12"]
[Round "1"]
[White "michas"]
[Black "sigma_chi"]
[Result "0-1"]
[WhiteElo "1669"]
[BlackElo "1807"]

1. h4 e5 2. h5 d5 3. h6 Nc6 4. hxg7 Bxg7 5. d3 Nf6 6. Bh6 Bxh6 7. Rxh6 Qe7 8.
Nf3 Ng4 9. Rh1 e4 10. dxe4 dxe4 11. Nh2 Nxh2 12. Rxh2 Qe5 13. g3 Qxb2 14. Nd2
Be6 15. Rb1 Qc3 16. a3 O-O-O 17. e3 Ne5 18. Rb3 Bxb3 19. cxb3 Nf3+ 20. Ke2 Qd3#
0-1

[Event "AUTO-OPEN-2227"]
[Site "http://www.queenalice.com/game.php?id=885257"]
[Date "2011.1.12"]
[Round "1"]
[White "sigma_chi"]
[Black "Gadeglia"]
[Result "1-0"]
[WhiteElo "1925"]
[BlackElo "1847"]

1. c4 Nf6 2. Nf3 g6 3. Nc3 Bg7 4. e4 d6 5. d4 O-O 6. Be2 Bd7 7. O-O c5 8. d5 e6
9. dxe6 Bxe6 10. Bf4 Ne8 11. Qd2 Nc6 12. Nb5 a6 13. Nxd6 Nxd6 14. Qxd6 Bxb2 15.
Rab1 Ba3 16. Rb3 Bb4 17. a3 Qxd6 18. Bxd6 Rfd8 19. e5 Na5 20. Re3 Bxc4 21. axb4
cxb4 22. Bxb4 Bxe2 23. Rxe2 Nc4 24. e6 fxe6 25. Rxe6 Nb2 26. Re7 Nd1 27. Ng5 h6
28. Nf7 Rd4 29. Nxh6+ Kh8 30. Rxb7 a5 31. Be7 Ra6 32. Re1 Nc3 33. Bf6+ 1-0

[Event "AUTO-OPEN-2227"]
[Site "http://www.queenalice.com/game.php?id=885258"]
[Date "2011.1.12"]
[Round "1"]
[White "Gadeglia"]
[Black "sigma_chi"]
[Result "0-1"]
[WhiteElo "1878"]
[BlackElo "1881"]

1. Nf3 c5 2. c4 Nf6 3. g3 b6 4. Bg2 Bb7 5. O-O e6 6. e3 Be7 7. b3 O-O 8. Bb2 d5
9. Na3 Nc6 10. cxd5 exd5 11. Nb5 Qd7 12. d4 Ne4 13. Rc1 Nb4 14. a4 Bf6 15. Ba3
Na2 16. Rc2 a6 17. Qa1 Nb4 18. Bxb4 axb5 19. Ba3 bxa4 20. bxa4 Qxa4 21. Ra2 b5
22. Bxc5 Qxa2 23. Qxa2 Rxa2 24. Bxf8 Kxf8 25. Ne1 Nd2 0-1

[Event "AUTO-OPEN-2227"]
[Site "http://www.queenalice.com/game.php?id=885259"]
[Date "2011.1.12"]
[Round "1"]
[White "sigma_chi"]
[Black "musampa"]
[Result "1-0"]
[WhiteElo "1833"]
[BlackElo "1960"]

1. c4 e5 2. Nc3 Bb4 3. Nd5 Nc6 4. e3 Ba5 5. a3 a6 6. b4 Bb6 7. d4 exd4 8. Nxb6
cxb6 9. exd4 Qe7+ 10. Be2 Nf6 11. Nf3 O-O 12. O-O 1-0

[Event "AUTO-OPEN-2227"]
[Site "http://www.queenalice.com/game.php?id=885260"]
[Date "2011.1.12"]
[Round "1"]
[White "musampa"]
[Black "sigma_chi"]
[Result "0-1"]
[WhiteElo "1964"]
[BlackElo "1948"]

1. f4 e5 2. d3 Nc6 3. e4 d5 4. exd5 Qxd5 5. Nc3 Bb4 6. fxe5 Qxe5+ 7. Qe2 Nf6 8.
Qxe5+ Nxe5 9. Bd2 O-O 10. O-O-O Bd7 11. h3 Rfe8 12. a3 Ba5 13. b4 Bb6 14. Be2 a5
15. b5 c6 16. d4 Bxd4 17. bxc6 Bxc6 18. Bf3 Nc4 19. Bxc6 bxc6 20. Nge2 Bxc3 21.
Bxc3 Rxe2 0-1